Statistics for Nepali Diaspora

Click here to take the quiz!

General Stats

  • This quiz has been taken 47 times
  • The average score is 17 of 20

Answer Stats

PopulationCountry% Correct
3 MillionIndia
100%
131,800Australia
98%
200,400United States
98%
25,500China
95%
164,000United Kingdom
95%
12,900Pakistan
93%
225,000United Arab Emirates
93%
14,400Canada
91%
87,100Japan
91%
406,000Qatar
91%
71,200Kuwait
89%
334,500Saudi Arabia
89%
16,000Bhutan
84%
60,000South Korea
82%
700,000Malaysia
80%
17,100Oman
80%
7,000Singapore
80%
5,000Sri Lanka
80%
405,000Myanmar
68%
16,500Mexico
43%

Score Distribution

Percentile by Number Answered

Percent of People with Each Score

Your Score History

You have not taken this quiz